| 000 | 00715cam a22002291a 4500 | ||
|---|---|---|---|
| 001 | ne 64000728 | ||
| 003 | DLC | ||
| 005 | 20260227111757.0 | ||
| 008 | 911211s1963 ua a b 000 0 ara | ||
| 010 | _ane 64000728 | ||
| 035 | _a(OCoLC)24931614 | ||
| 040 |
_aDLC _cMWalB _dMWalB _dDLC |
||
| 042 | _apremarc | ||
| 050 | 0 | 0 |
_aTS149 _b.J28 |
| 100 | 1 | _aJaʻfar, ʻIṣmat Ḥusayn. | |
| 245 | 1 | 3 |
_aal-Naql al-dākhilī / _cʻIṣmat Ḥusayn Jaʻfar. |
| 260 |
_aal-Qāhirah : _bMaktabat al-Anjilū al-Miṣrīyah, _c[1963?] |
||
| 300 |
_a240 p. : _bill. ; _c24 cm. |
||
| 490 | 0 |
_aMajmūʻah al-idārah wa-al-intāj ; _v4 |
|
| 504 | _aIncludes bibliographical references (p. [241]) | ||
| 650 | 0 | _aMaterials handling. | |
| 999 |
_c46828 _d46828 |
||